Slovenky zaslúžene v "áčku" v poslednom stretnutí 2. skupiny B-kategórie ME volejbalistiek: Rakúska-Slovensko 0:3 (-13, -10, -14)

Bibliographic Details
Format: Article
Language:Slovak
PhysicalDescription:Fotogr.
ISSN:0139-7001
Subjects:

MARC

LEADER 00000nab a2200000 a 4500
001 vtls000761273
003 SK-MaSNL
005 20260303072847.0
008 180206c2001 xo 0 slo
015 |a SNBRB2001/06-17544 
035 |a CLN000113060 
040 |a SNKBUCL  |b slo  |c SNKBUCL  |e AACR2 
041 0 |a slo 
044 |a xo  |c SK 
080 |a 796.325.093.1  |2 UDC-MRF-SK2 
245 0 0 |a Slovenky zaslúžene v "áčku"  |b v poslednom stretnutí 2. skupiny B-kategórie ME volejbalistiek: Rakúska-Slovensko 0:3 (-13, -10, -14) 
300 |b Fotogr. 
650 0 7 |a volejbal  |x ženy  |x Slovensko-Rakúsko  |z Viedeň (Rakúsko)  |y 2001  |2 snkbucl  |9 1073753 
655 7 |a články z novín a časopisov  |2 snkbucl  |9 267496 
773 0 |x 0139-7001  |t Šport  |g Roč. 55, č. 127 (4.6.2001), s. 29 
850 |a Slovenská národná knižnica v Martine 
852 |a SNK  |b KIS3GCP 
958 |a RBX 
999 |c 1765039  |d 1766969